|
|
|
|
| LEADER |
00840nam a22002057a 4500 |
| 008 |
140423b xxu||||| |||| 00| 0 eng d |
| 999 |
|
|
|c 6138
|d 6138
|
| 020 |
|
|
|a 9788188011001
|
| 082 |
|
|
|a 333.7
|b RAJ
|
| 100 |
|
|
|a രാജേഷ്, എന്. ബി.
|
| 240 |
|
|
|a Pachappinte pusthakam
|
| 245 |
|
|
|a പച്ചപ്പിന്റെ പുസ്തകം /
|c എന്. ബി. രാജേഷ്
|
| 250 |
|
|
|a 1st ed.
|
| 260 |
|
|
|a കോഴിക്കോട് :
|b ലിപി പബ്ലിക്കേഷന്സ്,
|c 2006.
|
| 300 |
|
|
|a 40p.
|
| 650 |
|
|
|a Environmental essays
|
| 650 |
|
|
|a Environment
|
| 700 |
|
|
|a Rajesh, N. B.
|
| 942 |
|
|
|2 ddc
|c BK
|
| 952 |
|
|
|0 0
|1 0
|2 ddc
|4 0
|6 333_700000000000000_RAJ
|7 0
|9 8845
|a MAIN
|b MAIN
|d 2014-04-23
|e Lipi Publications
|g 25.00
|l 14
|m 4
|o 333.7 RAJ
|p 9425
|r 2019-04-20
|s 2019-04-11
|t 1
|w 2014-04-23
|y BK
|